Biblioteca Parlamentaria
Catálogo en línea

Patricio Donoso, aprobación de enmiendas constitucionales será “un grave error” del oficialismo (Registro nro. 31968)

000 -CABECERA
Campo de control interno 01841nam a22001817a 4500
005 - FECHA Y HORA DE LA CATALOGACION
Campo de control 20151125152044.0
008 - ELEMENTOS DE LONGITUD FIJA - INFORMACION
Elementos de Longitud Fija - Informaci 151125b xxu||||| |||| 00| 0 eng d
040 ## - ORIGEN DE LA CATALOGACION
Origen de la Catalogación ANE
041 ## - CODIGO DE LENGUAJE
Código de lenguaje del texto Es
082 ## - NUMERO DE CLASIFICACION DECIMAL DEWEY
1ra. Clasificación TV-1680
100 ## - ENTREVISTADO
Entrevistado Donoso, Patricio
Rol del entrevistado asambleísta de CREO
245 ## - TÍTULO GENERAL
Título Patricio Donoso, aprobación de enmiendas constitucionales será “un grave error” del oficialismo
260 ## - EDITORIAL
Ciudad Quito
Televisora que emite el programa Teleamazonas
Fecha del Programa 2015-11-25
300 ## - DESCRIPCION
Duración en minutos, horas (del programa) p.
520 ## - RESUMEN
Resumen El asambleísta de Creo, Patricio Donoso, opinó sobre el paquete de enmiendas constitucionales que serán sometidas a segundo debate en las próximas semanas, a las que llamó “reformas” y que aseguró “representan un serio error que cometerá el oficialismo”. “Lo que el pueblo debe entender es que se van a aprobar reformas a sus espaldas”, enfatizó el legislador, que además recordó que la reelección indefinida es monárquica, según palabras de un referente de la izquierda latinoamericana, como lo es Mujica, aseveró. Para el asambleísta, también se debe poner mucha atención en todas las enmiendas, ya que poner a la comunicación como un servicio público o quitarle poder de control público a la Contraloría son también “graves errores”. “Poner a la comunicación como un servicio público, como si fuera agua potable, luz o teléfono, es intentar someterla (…) nada es mejor para un gobierno honesto que una prensa que investigue”, agregó. (Ecuador en Vivo)


650 ## - DESCRIPTORES - TEMAS
Temas - Descriptores enmiendas/Asamblea Nacional/movimiento CREO/Comisión Ocasional Enmiendas Constitucionales/Gobierno Nacional/transitoria/reelección indefinida/enmiendas constitucionales/reformas/error oficialismo/pueblo reformas espaldas/monarquía/referente de la izquierda latinoamericana/atención enmiendas/comunicación servicio público/
942 ## - ELEMENTOS DE KOHA
Esquema de Clasificaci
Tipo de Documento Material Multimedia (radio y televisión)
Catalogador IES.
Existencias
Withdrawn status Lost status Fuente de Clasificaci Damaged status Not for loan Ubicaci Biblioteca Fecha de Adquisición Signatura Topogr Código de barras Date last seen Price effective from Tipo de Item
          Biblioteca Asamblea Nacional Biblioteca Asamblea Nacional 2015-11-25 TV-1680 TV-1680 2015-11-25 2015-11-25 Material Multimedia (radio y televisión)
Dirección: Av. 6 de Diciembre y Piedrahita | Quito - Ecuador
Teléfonos: 593-23991000 Ext: 1147/1148
Correo:
archivo.biblioteca@asambleanacional.gob.ec

Soporte: FusionSolutions Cia. Ltda
archivobiblioteca white

Con tecnología Koha